WELCOME TO HOSPITALITY AN INTRODUCTION (Record no. 232991)

MARC details
000 -LEADER
fixed length control field 00365pam a2200145 a 4500
020 ## - INTERNATIONAL STANDARD BOOK NUMBER
Terms of availability
041 ## - LANGUAGE CODE
Language code of original
100 ## - MAIN ENTRY--PERSONAL NAME
Personal name Kye-Sung Raymond
Relator term Author
245 ## - TITLE STATEMENT
Title WELCOME TO HOSPITALITY AN INTRODUCTION
Statement of responsibility, etc. Kye-Sung Raymond
Medium Textual Documents
260 ## - PUBLICATION, DISTRIBUTION, ETC.
Name of publisher, distributor, etc. Delmar Thomson Learning
300 ## - PHYSICAL DESCRIPTION
Extent 459
653 ## - INDEX TERM--UNCONTROLLED
Uncontrolled term food Producation
700 ## - ADDED ENTRY--PERSONAL NAME
Relator term Co-Author
930 ## - EQUIVALENCE OR CROSS-REFERENCE-UNIFORM TITLE HEADING [LOCAL, CANADA]
Uniform title 5594
Holdings
Withdrawn status Lost status Damaged status Not for loan Collection Home library Current library Date acquired Source of acquisition Cost, normal purchase price Total Checkouts Full call number Barcode Date last seen Date last checked out Copy number Price effective from Koha item type
          Institute of Hotel Management & Catering Technology, Pune Institute of Hotel Management & Catering Technology, Pune 29/07/2007 Bharati Madhyavarti Grahak Bhandar Ltd,Pune 350.00 2 HMP-D-2001 14/01/2026 06/01/2026 1 07/03/2023 Book